Click a Cone: 31 Flavors Quiz Stats

 Plays Quiz Updated Jan 31, 2015

Challenge
Share
Tweet
Embed
Score 0/31 Timer 05:00
0 Plays Today
% Correct
Chocolate
86%
Chocolate Chip
81.8%
Vanilla
76.6%
French Vanilla
74.7%
Chocolate Mint
73.1%
Strawberry
71.2%
Coffee
67.8%
Chocolate Fudge
66.3%
Rocky Road
64.4%
Orange Sherbet
61.4%
Peach
58.4%
Lemon Sherbet
55%
Black Walnut
54.8%
Butterscotch Ribbon
50.4%
Banana Nut Fudge
49.3%
Chocolate Almond
48.8%
% Correct
Fudge Ribbon
47.6%
Maple Nut
44.9%
Raspberry Sherbet
43.9%
Peppermint Stick
41.7%
Chocolate Ribbon
41.6%
Burgundy Cherry
39.4%
Lemon Custard
36.5%
Egg Nog
36.2%
Pineapple Sherbet
33.4%
Cherry Macaroon
31.9%
Green Mint Stick
31.1%
Date Nut
30%
Lemon Crisp
27.9%
Coffee Candy
26%
Vanilla Burnt Almond
25.7%

You're not logged in!

Compare scores with friends on all Sporcle quizzes.
OR
Log In

You Might Also Like...

Show Comments

Extras

Top Quizzes Today


Score Distribution

Your Account Isn't Verified!

In order to create a playlist on Sporcle, you need to verify the email address you used during registration. Go to your Sporcle Settings to finish the process.

Report this User

Report this user for behavior that violates our Community Guidelines.

Details: